[Event "Bratislava Dubravan op"]
[Site "Bratislava"]
[Date "2014.08.27"]
[Round "3"]
[White "Marcisin, Andrej"]
[Black "Belak, Milan"]
[Result "1/2-1/2"]
[WhiteElo "1516"]
[BlackElo "1614"]
[PlyCount "83"]
[EventDate "2014.08.25"]
[EventType "swiss"]
[EventRounds "7"]
[EventCountry "SVK"]
[SourceTitle "EXT 2023"]
[Source "ChessBase"]
[SourceDate "2022.10.05"]
[SourceVersion "1"]
[SourceVersionDate "2022.10.05"]
[SourceQuality "1"]

1. e4 e6 2. d4 d5 3. e5 c5 4. c3 Nc6 5. Nf3 Qb6 6. Qb3 Qxb3 7. axb3 cxd4 8. cxd4 Bd7 9. Bb5 Nxe5 10. Bxd7+ Nxd7 11. Bf4 Bb4+ 12. Nc3 Ngf6 13. 0-0 Bxc3 14. bxc3 Ne4 15. Rfc1 0-0 16. Ne5 Nxe5 17. Bxe5 f6 18. Bf4 g5 19. Be3 a6 20. f3 Nd6 21. c4 dxc4 22. bxc4 b5 23. cxb5 axb5 24. Rab1 Rfc8 25. Rc5 Kg7 26. h4 gxh4 27. Rh5 Nf5 28. Bf2 Kg6 29. Rxf5 Kxf5 30. Rxb5+ Kg6 31. Bxh4 Ra6 32. d5 exd5 33. Rxd5 Rc2 34. f4 f5 35. Be7 Re6 36. Bh4 Rec6 37. Rd8 Kh5 38. Bg3 Rg6 39. Rd3 Kg4 40. Bh2 Kh4 41. Rh3+ Kg4 42. Rg3+ 1/2-1/2

[Event "Bratislava Dubravan op"]
[Site "Bratislava"]
[Date "2014.08.26"]
[Round "2"]
[White "Moravcik, Peter"]
[Black "Marcisin, Andrej"]
[Result "1-0"]
[WhiteElo "1676"]
[BlackElo "1516"]
[PlyCount "83"]
[EventDate "2014.08.25"]
[EventType "swiss"]
[EventRounds "7"]
[EventCountry "SVK"]
[SourceTitle "EXT 2023"]
[Source "ChessBase"]
[SourceDate "2022.10.05"]
[SourceVersion "1"]
[SourceVersionDate "2022.10.05"]
[SourceQuality "1"]

1. e4 e5 2. Nf3 Nc6 3. Bc4 Nf6 4. d3 d6 5. h3 h6 6. a3 d5 7. exd5 Nxd5 8. Bxd5 Qxd5 9. Nc3 Qa5 10. Be3 Be6 11. 0-0 Bd6 12. Ne4 0-0 13. c4 Nd4 14. Nxd4 exd4 15. Bxd4 Qf5 16. c5 Be5 17. Bxe5 Qxe5 18. Qc2 Rad8 19. Rfe1 Qd4 20. Rad1 Qd5 21. Qc3 Qh5 22. Ng3 Qg6 23. d4 Rd5 24. Re5 Rfd8 25. Rxd5 Rxd5 26. b4 h5 27. Qe3 Kf8 28. Qf4 Rd7 29. b5 Qc2 30. Re1 Qg6 31. c6 bxc6 32. bxc6 Re7 33. Qh4 Qh6 34. Qxh5 Qxh5 35. Nxh5 g6 36. Nf4 Bc4 37. Rxe7 Kxe7 38. h4 Kd6 39. g4 Kxc6 40. h5 gxh5 41. gxh5 f5 42. d5+ 1-0

[Event "Bratislava Doprastav op"]
[Site "Bratislava"]
[Date "2010.07.05"]
[Round "6"]
[White "Kollar, Jan Marek"]
[Black "Marcisin, Andrej"]
[Result "1-0"]
[WhiteElo "1673"]
[BlackElo "1444"]
[PlyCount "83"]
[EventDate "2010.07.02"]
[EventType "swiss"]
[EventRounds "9"]
[EventCountry "SVK"]
[SourceTitle "EXT 2012"]
[Source "ChessBase"]
[SourceDate "2011.11.24"]
[SourceVersion "1"]
[SourceVersionDate "2011.11.24"]
[SourceQuality "1"]

1. d4 d5 2. c4 Nf6 3. Nf3 Bg4 4. e3 Nc6 5. h3 Bh5 6. b3 e5 7. g4 Bg6 8. Nxe5 Nxe5 9. dxe5 Nd7 10. Qxd5 c6 11. Qd1 Be4 12. f3 Qh4+ 13. Ke2 Bxb1 14. Rxb1 Nxe5 15. Qd4 Qf6 16. f4 Nd7 17. Qxf6 Nxf6 18. Bg2 Bc5 19. Bb2 0-0-0 20. Rbd1 Bb6 21. Bd4 Bxd4 22. Rxd4 Rxd4 23. exd4 Re8+ 24. Kd2 Ne4+ 25. Kc1 Ng3 26. Rd1 Ne2+ 27. Kc2 Nxf4 28. Rd2 g5 29. Rf2 Re3 30. h4 f6 31. h5 h6 32. d5 cxd5 33. Bxd5 Re2+ 34. Rxe2 Nxe2 35. Kd2 Nf4 36. Ke3 Kc7 37. Ke4 Nxd5 38. cxd5 Kd6 39. Kf5 Ke7 40. d6+ Kf7 41. d7 Ke7 42. d8Q+ 1-0